00966nam a2200241 a 4500001001000000003000500010005001700015008004100032010001100073011001100084040000900095100003500104245017400139260004100313500006000354502007700414650003800491650004100529650002600570650002300596700003500619856007000654000115090CHAP20220329144514.0181002s2018 mx a sm |||||||spa d a111551 a112523 cCHAP1 aCruz Sánchez, Jesus Delfino.10aMorfogénesis in vitro en dalia parvibracteata y el hibrido de dalia variedad Lupita /h[En línea]cpor Jesús Delfino Cruz Sánchez y María Vianney López Cruz. aChapingo, Méx. :bEl autor,c2018. aPara ver el contenido del material haga clic en la liga aTesis (Ing. Agr. Esp. en Fitotecnia) -- UACH. Departamento de Fitotecnia14aAuxinasxEfecto en enraizamiento.14aDaliaxMejoramiento de las especies.14aDaliaxPropagación.14aDaliaxVariedades.1 aLópez Cruz, María Vianney. aFinding aiduhttp://10.13.5.2/tesis/sist115090.pdfzTeclea aquí